• 首页
  • 本馆介绍
  • 公告通知
  • 最新文献
  • 馆藏检索
  • 电子资源
  • 读者导购
  • 参考咨询
  • 我的图书馆
  • 登录
  • 详细信息显示
  • 放入我的书架
  • 预约/预借图书
  • 作者相关作品
  • 分类相关作品
  • 丛书相关作品
  • 出版社相关作品

书目信息

  • 表格格式
  • 工作单格式
  • 卡片格式
题名:
药用植物图鉴
    
 
作者: 尚云青 主编
分册:  
出版信息: 南京   江苏科学技术出版社  2017
页数: 255页
开本: 21cm
丛书名: 图鉴珍藏丛书
单 册:
中图分类: R282.71-64
科图分类:
主题词: 药用植物--yao yong zhi wu--图集
电子资源:
ISBN: 978-7-5537-5303-4
000 01038nam0 22002771 450
001 1738653791
005 20170628091821.0
010    @a978-7-5537-5303-4@dCNY39.80
100    @a20170424d2017 em y0chiy50 ea
101 0  @achi
102    @aCN@b320000
105    @aa z 000yy
106    @ar
200 1  @a药用植物图鉴@9yao yong zhi wu tu jian@f尚云青主编
210    @a南京@c江苏科学技术出版社@d2017
215    @a255页@d21cm
225 2  @a图鉴珍藏丛书@9tu jian zhen cang cong shu
300    @a凤凰含章 含章·图鉴系列
330    @a本书以图文并茂的形式详细介绍了285种药用植物的分类鉴别方法,并按照茎叶类、根茎类、花类、果籽类、藻菇类分成五章,详细介绍了每个章节内所含植物的性味、归经、别名、分布、习性、功效主治、人群宜忌,并提供了温馨小贴士。
461  0 @12001 @a图鉴珍藏丛书
512 1  @a药用植物图鉴@e285种药用植物的特性与使用
606 0  @a药用植物@9yao yong zhi wu@j图集
690    @aR282.71-64@v5
701  0 @a尚云青@9shang yun qing@4主编
801  0 @aCN@bTANGWEI@c20170627
905    @b1017105-10@dR282.71-64@e399@f6
    
    药用植物图鉴/尚云青主编 .-南京:江苏科学技术出版社,2017
    255页;21cm.-(图鉴珍藏丛书)
    凤凰含章 含章·图鉴系列
    
    ISBN 978-7-5537-5303-4:CNY39.80
    本书以图文并茂的形式详细介绍了285种药用植物的分类鉴别方法,并按照茎叶类、根茎类、花类、果籽类、藻菇类分成五章,详细介绍了每个章节内所含植物的性味、归经、别名、分布、习性、功效主治、人群宜忌,并提供了温馨小贴士。
●
相关链接 在E读中查询图书 在五车中查询图书 在当当中查询图书 在豆瓣中查询图书


正题名:药用植物图鉴     索取号:R282.71-64/399         预约/预借

序号 登录号 条形码 馆藏地/架位号 状态 备注
1 1017105   210171053   第二样本阅览室/ [索取号:R282.71-64/399] 在馆    
2 1017106   210171062   教育系资料室/ [索取号:R282.71-64/399] 在馆    
3 1017107   210171071   教育系资料室/ [索取号:R282.71-64/399] 在馆    
4 1017108   210171080   教育系资料室/ [索取号:R282.71-64/399] 在馆    
5 1017109   210171099   第三借阅区/ [索取号:R282.71-64/399] 在馆    
6 1017110   210171106   第三借阅区/ [索取号:R282.71-64/399] 在馆    
唐山师范学院图书馆 欢迎您!
大连网信软件有限公司© 版权所有